| 000 | 01396nam a2200337 i 4500 | ||
|---|---|---|---|
| 003 | EG-GICUC | ||
| 005 | 20260121101152.0 | ||
| 008 | 251106b1971 ua ||||f |||| 00| 0 ara d | ||
| 040 |
_a EG-GICUC _c EG-GICUC _d EG-GICUC _erda _bara |
||
| 041 | _aara | ||
| 082 | 0 | 4 |
_221 _a345.251 _bط ا . د |
| 092 | 0 | 4 | _221 |
| 099 | _aLaw1 07 345.251 ط ا . د 1971 | ||
| 100 | 0 |
_aطاهر مرسي عطية _eمؤلف. |
|
| 245 |
_aدراسات مقارنة في الحكم المحلي : _bوحدات الإدارة المحلية (1) / _cإعداد طاهر مرسي عطية. |
||
| 264 |
_aالقاهرة : _bجامعة الدول العربية-المنظمة العربية للعلوم الإدارية، مركز البحوث الإدارية، _c1971. |
||
| 300 |
_a65 صفحة : _c24 سم. _bإيضاحيات ؛ |
||
| 336 |
_2rda content _atext |
||
| 337 |
_2rda media _aComputer |
||
| 338 |
_2rda carrier _aOnline Resource |
||
| 490 | _v99 | ||
| 504 | _aببليوجرافيا : صفحات 59-65 | ||
| 504 | _aيشتمل على ارجاعات ببليوجرافية. | ||
| 546 | _aالنص باللغة العربية | ||
| 650 | 1 | _aالحكم المحلي | |
| 650 | 1 |
_aالإدارة المحلية _2qrmak |
|
| 650 | 1 |
_2qrmak _aالقانون الإداري |
|
| 856 | 4 | 0 | _uhttps://fll.law.cu.edu.eg/fulltext/bks/B07-00272.pdf |
| 905 | _aWesam Mahmoud | ||
| 942 |
_2ddc _n0 _cBK _e21 |
||
| 999 |
_c41495 _d41495 |
||